000 00187nam a2200073Ia 4500
008 170524s9999 xx 000 0 und d
100 _aROMNEY- MB
245 0 _aACCOUNTING INFORMATION SYSTEMES
260 _bCONCEPT PUB. CO.
999 _c7933
_d7933